[Event "Loire Top 1516"]
[Site "Loire"]
[Date "2015.11.21"]
[Round "2.3"]
[White "Furnon, Yannick"]
[Black "Carrot, Patrick"]
[Result "1/2-1/2"]
[WhiteElo "1870"]
[BlackElo "1803"]
[PlyCount "82"]
[EventDate "2015.10.10"]
[EventType "swiss"]
[EventRounds "7"]
[EventCountry "FRA"]
[SourceTitle "EXT 2024"]
[Source "ChessBase"]
[SourceDate "2023.10.10"]
[SourceVersion "1"]
[SourceVersionDate "2023.10.10"]
[SourceQuality "1"]

1. d4 Nf6 2. c4 e6 3. Nf3 b6 4. a3 Be7 5. Nc3 d5 6. cxd5 Nxd5 7. e4 Nf6 8. Bd3 c5 9. dxc5 Bxc5 10. 0-0 0-0 11. Bf4 Bb7 12. Qe2 Nbd7 13. Rfd1 a6 14. Rac1 b5 15. Bb1 Qb6 16. b4 Be7 17. Be3 Qd8 18. Ne5 Rc8 19. f3 Qe8 20. Nd3 Bd8 21. Qf2 Bc7 22. Na2 Bd8 23. Rxc8 Bxc8 24. Nac1 Kh8 25. Nb3 Qe7 26. Qc2 Bb6 27. Ndc5 Ne5 28. Kf1 Nc4 29. Bc1 e5 30. Qe2 a5 31. Nd3 Rd8 32. Nbc5 Nd7 33. Ba2 h6 34. Bxc4 bxc4 35. Nf2 Nxc5 36. Rxd8+ Qxd8 37. bxc5 Bxc5 38. Qxc4 Qd6 39. Qc3 Ba6+ 40. Ke1 Qd4 41. Qxd4 Bxd4 1/2-1/2

[Event "FRA-ch Seniors"]
[Site "Pau"]
[Date "2012.08.22"]
[Round "8"]
[White "Andrieu, Philippe"]
[Black "Carrot, Patrick"]
[Result "1-0"]
[WhiteElo "1890"]
[BlackElo "1864"]
[PlyCount "71"]
[EventDate "2012.08.14"]
[EventType "swiss"]
[EventRounds "11"]
[EventCountry "FRA"]
[SourceTitle "EXT 2013"]
[Source "ChessBase"]
[SourceDate "2012.11.22"]
[SourceVersion "1"]
[SourceVersionDate "2012.11.22"]
[SourceQuality "1"]

1. d4 Nf6 2. Nc3 d5 3. Bg5 Bf5 4. Nf3 e6 5. e3 h6 6. Bh4 Be7 7. Be2 0-0 8. 0-0 c5 9. Ne5 cxd4 10. exd4 Nc6 11. Nxc6 bxc6 12. Na4 g5 13. Bg3 Ne4 14. Be5 f6 15. f3 fxe5 16. fxe4 Bxe4 17. Rxf8+ Bxf8 18. c4 exd4 19. Qxd4 Bg7 20. Qc5 Qc7 21. Rd1 Rb8 22. Qe3 Qe7 23. b3 Re8 24. Nc5 Bg6 25. Bg4 Bf7 26. Nd3 e5 27. c5 e4 28. Nb4 Qc7 29. Qh3 Re7 30. Nc2 Qa5 31. b4 Qxa2 32. Ne3 Bg6 33. Bd7 d4 34. Bxc6 dxe3 35. Bd5+ Qxd5 36. Rxd5 1-0

[Event "Loire-ch Top20 0809"]
[Site "Loire"]
[Date "2009.03.07"]
[Round "5"]
[White "Muller, Anthony"]
[Black "Carrot, Patrick"]
[Result "1/2-1/2"]
[WhiteElo "1860"]
[BlackElo "1841"]
[PlyCount "84"]
[EventDate "2008.10.11"]
[EventType "swiss"]
[EventRounds "7"]
[EventCountry "FRA"]
[SourceTitle "EXT 2010"]
[Source "ChessBase"]
[SourceDate "2010.11.25"]
[SourceVersion "1"]
[SourceVersionDate "2010.11.25"]
[SourceQuality "1"]

1. e4 c5 2. Nf3 e6 3. d4 cxd4 4. Nxd4 a6 5. Bd3 Nc6 6. c3 Nf6 7. 0-0 Qb6 8. Nxc6 dxc6 9. b3 e5 10. Nd2 Bg4 11. Be2 Be6 12. Qc2 Be7 13. Bb2 0-0 14. Rad1 Rfd8 15. h3 a5 16. Bc4 Bxc4 17. Nxc4 Qc7 18. Nd2 Nd7 19. Nf3 a4 20. Rd2 axb3 21. axb3 b6 22. Rfd1 Nc5 23. Nh2 Rxd2 24. Rxd2 Rd8 25. Rxd8+ Qxd8 26. Ba3 Kf8 27. Bxc5 Bxc5 28. Nf3 Ke7 29. Nd2 b5 30. Nf3 Qa5 31. Ne1 Qa1 32. Kf1 Qa7 33. Nd3 Bb6 34. Nb4 Qd7 35. Ke2 Bc5 36. Nd3 Bb6 37. Qd2 Qe6 38. Qc2 Qf6 39. Qa2 Qg6 40. Kf3 Qf6+ 41. Kg3 Qg6+ 42. Kf3 Qh5+ 1/2-1/2

[Event "Loire-ch Top14 0708"]
[Site "Loire"]
[Date "2008.02.09"]
[Round "5"]
[White "Carrot, Patrick"]
[Black "Cursoux, Gerard"]
[Result "1/2-1/2"]
[WhiteElo "1860"]
[BlackElo "2040"]
[PlyCount "132"]
[EventDate "2007.10.20"]
[EventType "swiss"]
[EventRounds "7"]
[EventCountry "FRA"]
[SourceTitle "EXT 2010"]
[Source "ChessBase"]
[SourceDate "2010.11.25"]
[SourceVersion "1"]
[SourceVersionDate "2010.11.25"]
[SourceQuality "1"]

1. e4 c5 2. Nf3 Nc6 3. d4 cxd4 4. Nxd4 g6 5. Be3 Bg7 6. Nc3 Nf6 7. f3 0-0 8. Qd2 d6 9. 0-0-0 Bd7 10. Nxc6 bxc6 11. Bh6 Bxh6 12. Qxh6 Qa5 13. g4 Be6 14. a3 Kh8 15. h4 Rg8 16. Qe3 Rab8 17. Qd4 c5 18. Qe3 Rb7 19. e5 dxe5 20. Qxe5 Qc7 21. Qxc7 Rxc7 22. Bd3 c4 23. Be2 Rb8 24. Rd4 Rcb7 25. Bxc4 Bxc4 26. Rxc4 Rxb2 27. Re1 e6 28. Rd1 R2b7 29. Rcd4 Kg7 30. g5 Nh5 31. Ne4 Nf4 32. Kd2 e5 33. Ra4 Rd7+ 34. Ke1 Ng2+ 35. Ke2 Rc7 36. Rd2 Nxh4 37. Nd6 Ng2 38. Ra5 Re7 39. Kf2 Nf4 40. c4 Nh3+ 41. Ke3 Nxg5 42. Rd3 h5 43. c5 Ne6 44. c6 Rb6 45. Nc8 Rc7 46. Nxb6 axb6 47. Rxe5 Rxc6 48. Rb5 Nc5 49. Rc3 Kf6 50. Kf2 Ne4+ 51. fxe4 Rxc3 52. Rxb6+ Ke5 53. a4 g5 54. a5 h4 55. a6 Kxe4 56. Rb4+ Kf5 57. Ra4 Rc8 58. a7 Ra8 59. Kf3 f6 60. Ra5+ Kg6 61. Kg4 h3 62. Kxh3 Kh5 63. Kg3 Kg6 64. Kg4 Kh6 65. Kf5 Kg7 66. Ra6 Kh7 1/2-1/2

[Event "Loire-ch Top14 0708"]
[Site "Loire"]
[Date "2008.01.12"]
[Round "4"]
[White "Carrot, Patrick"]
[Black "Deville, Olivier"]
[Result "1-0"]
[WhiteElo "1860"]
[BlackElo "2005"]
[PlyCount "87"]
[EventDate "2007.10.20"]
[EventType "swiss"]
[EventRounds "7"]
[EventCountry "FRA"]
[SourceTitle "EXT 2010"]
[Source "ChessBase"]
[SourceDate "2010.11.25"]
[SourceVersion "1"]
[SourceVersionDate "2010.11.25"]
[SourceQuality "1"]

1. e4 c5 2. Nf3 d6 3. d4 cxd4 4. Nxd4 Nf6 5. Nc3 a6 6. Bc4 e6 7. Bb3 Be7 8. 0-0 0-0 9. Be3 Qc7 10. Qe2 Nc6 11. a3 Bd7 12. Rad1 Rac8 13. Nxc6 Bxc6 14. Bf4 Nd7 15. Nd5 Bxd5 16. exd5 e5 17. Be3 f5 18. c3 Nc5 19. Bc2 Qd8 20. c4 Qe8 21. f3 f4 22. Bf2 Qh5 23. b4 Nd7 24. Bb3 Rf6 25. Rd2 Rh6 26. h3 Rg6 27. Kh2 Bh4 28. Bxh4 Qxh4 29. Qf2 Rg3 30. Rc1 e4 31. fxe4 Ne5 32. Qf1 Rxb3 33. c5 f3 34. cxd6 Rf8 35. Rf2 Ng4+ 36. Kg1 Qxf2+ 37. Qxf2 Nxf2 38. d7 fxg2 39. Rc8 Rbf3 40. e5 Ne4 41. e6 Nd6 42. Rxf8+ Rxf8 43. e7 Re8 44. d8Q 1-0

[Event "Loire-ch Top20 0506"]
[Site "Loire"]
[Date "2005.11.12"]
[Round "2"]
[White "Pupier, Terry"]
[Black "Carrot, Patrick"]
[Result "1-0"]
[WhiteElo "1990"]
[BlackElo "1870"]
[PlyCount "65"]
[EventDate "2005.10.08"]
[EventType "swiss"]
[EventRounds "6"]
[EventCountry "FRA"]
[SourceTitle "EXT 2008"]
[Source "ChessBase"]
[SourceDate "2007.11.25"]
[SourceVersion "1"]
[SourceVersionDate "2007.11.25"]
[SourceQuality "1"]

1. e4 c5 2. Nf3 d6 3. d4 cxd4 4. Qxd4 Nc6 5. Bb5 a6 6. Bxc6+ bxc6 7. c4 e5 8. Qd3 Be7 9. Nc3 Nf6 10. h3 0-0 11. 0-0 Qc7 12. Rd1 Rd8 13. Bg5 a5 14. b3 Ba6 15. Qe3 Rab8 16. Rac1 Rd7 17. Nh4 h6 18. Bxf6 Bxf6 19. Nf5 Bg5 20. Qg3 g6 21. Ne3 Qd8 22. Qf3 Qe7 23. g3 h5 24. h4 Bh6 25. Rc2 f6 26. Rcd2 Rf8 27. c5 Rfd8 28. Na4 d5 29. exd5 e4 30. d6 Rxd6 31. cxd6 Rxd6 32. Qg2 Bd3 33. Nc5 1-0

[Event "Loire-ch Top20 0304"]
[Site "Loire"]
[Date "2004.03.24"]
[Round "7"]
[White "Adamus, Jeremy"]
[Black "Carrot, Patrick"]
[Result "1-0"]
[WhiteElo "1910"]
[BlackElo "1740"]
[PlyCount "78"]
[EventDate "2003.09.27"]
[EventType "swiss"]
[EventRounds "9"]
[EventCountry "FRA"]
[SourceTitle "EXT 2008"]
[Source "ChessBase"]
[SourceDate "2007.11.25"]
[SourceVersion "1"]
[SourceVersionDate "2007.11.25"]
[SourceQuality "1"]

1. d4 Nf6 2. c4 c6 3. Nc3 d5 4. cxd5 cxd5 5. Nf3 e6 6. Bg5 Be7 7. e3 0-0 8. Bd3 Nc6 9. 0-0 Bd7 10. Rc1 a6 11. a3 Na5 12. Na4 Bxa4 13. Qxa4 b5 14. Qd1 Nc4 15. Qb3 h6 16. Bxf6 Bxf6 17. Rc2 Qd7 18. Ra1 Rfc8 19. Qa2 Be7 20. a4 Qb7 21. Rac1 g5 22. h3 Bd6 23. axb5 axb5 24. Qb3 Qa6 25. Kh1 Qa4 26. Qxa4 Rxa4 27. b3 Ra3 28. Nd2 Rca8 29. bxc4 Rxd3 30. cxb5 Kg7 31. g3 Ra5 32. Rb2 Ba3 33. Ra2 Rxd2 34. Rxd2 Bxc1 35. Rc2 Ba3 36. b6 Rb5 37. Rc6 Kf8 38. Kg2 Ke8 39. Kf3 Kd8 1-0

[Event "Loire-ch Top20 0203"]
[Site "Loire"]
[Date "2003.01.11"]
[Round "5"]
[White "Carrot, Patrick"]
[Black "Poncet, Alain"]
[Result "0-1"]
[WhiteElo "1820"]
[BlackElo "1920"]
[PlyCount "34"]
[EventDate "2002.10.??"]
[EventType "swiss"]
[EventRounds "9"]
[EventCountry "FRA"]
[SourceTitle "EXT 2008"]
[Source "ChessBase"]
[SourceDate "2007.11.25"]
[SourceVersion "1"]
[SourceVersionDate "2007.11.25"]
[SourceQuality "1"]

1. e4 e5 2. Nf3 Nc6 3. Bb5 a6 4. Ba4 Nf6 5. 0-0 b5 6. Bb3 Be7 7. Re1 0-0 8. c3 d5 9. exd5 e4 10. dxc6 exf3 11. Qxf3 Bg4 12. Qe3 Re8 13. d4 Bd6 14. Qd2 Bf4 15. Rxe8+ Qxe8 16. Qd3 Qe1+ 17. Qf1 Bxh2+ 0-1

[Event "Loire-ch op"]
[Site "Loire"]
[Date "2002.04.27"]
[Round "5"]
[White "Carrot, Patrick"]
[Black "Treveys, Maxime"]
[Result "1-0"]
[WhiteElo "1780"]
[BlackElo "1630"]
[PlyCount "45"]
[EventDate "2001.02.??"]
[EventType "swiss"]
[EventRounds "9"]
[EventCountry "FRA"]
[SourceTitle "EXT 2008"]
[Source "ChessBase"]
[SourceDate "2007.11.25"]
[SourceVersion "1"]
[SourceVersionDate "2007.11.25"]
[SourceQuality "1"]

1. e4 c5 2. Nf3 d6 3. d4 cxd4 4. Nxd4 Nf6 5. Nc3 a6 6. Bc4 e6 7. Bb3 Be7 8. 0-0 0-0 9. f4 Qc7 10. Be3 Bd7 11. Qf3 Nc6 12. a3 b5 13. f5 Ne5 14. Qg3 Nc4 15. fxe6 fxe6 16. Bf2 Kh8 17. Bxc4 Qxc4 18. e5 dxe5 19. Qxe5 Ng4 20. Qe4 Nxf2 21. Rxf2 Rxf2 22. Kxf2 Bc5 23. Qxa8+ 1-0

[Event "Loire-ch op"]
[Site "Loire"]
[Date "2002.04.27"]
[Round "6"]
[White "Valentin, Alain"]
[Black "Carrot, Patrick"]
[Result "1/2-1/2"]
[WhiteElo "1700"]
[BlackElo "1780"]
[PlyCount "63"]
[EventDate "2001.02.??"]
[EventType "swiss"]
[EventRounds "9"]
[EventCountry "FRA"]
[SourceTitle "EXT 2008"]
[Source "ChessBase"]
[SourceDate "2007.11.25"]
[SourceVersion "1"]
[SourceVersionDate "2007.11.25"]
[SourceQuality "1"]

1. d4 d5 2. c4 c6 3. Nf3 Bg4 4. Nc3 e6 5. Ne5 Bh5 6. cxd5 exd5 7. g4 Bg6 8. Bf4 Ne7 9. e3 Nd7 10. Nxg6 Nxg6 11. Bg3 Bb4 12. Bd3 Nh4 13. 0-0 0-0 14. f4 f5 15. Qe1 Ng6 16. Bxf5 Rxf5 17. gxf5 Ne7 18. Bh4 Qf8 19. Bxe7 Bxe7 20. e4 dxe4 21. Qxe4 Nf6 22. Qe6+ Kh8 23. Rae1 Bd6 24. Ne4 Bb4 25. Nc3 Rd8 26. a3 Ba5 27. Qe7 Qg8 28. Qxb7 Bb6 29. Kh1 Bxd4 30. Qxc6 Rb8 31. Re2 Rc8 32. Qe6 1/2-1/2